| 000 | 01261 a2200265 4500 | ||
|---|---|---|---|
| 003 | OSt | ||
| 005 | 20180116192401.0 | ||
| 008 | 120703t xxu||||| |||| 00| 0 eng d | ||
| 010 | _a 2010283069 | ||
| 020 | _a9780714843728 | ||
| 020 | _a0714843725 | ||
| 035 | _a(OCoLC)ocn154782996 | ||
| 040 | _c0 | ||
| 082 | 0 | 4 | _a778.92 |
| 100 | 1 |
_aKozloff, Max. _95414 |
|
| 245 | 1 | 4 |
_aThe theatre of the face : _bportrait photography since 1900 / _cMax Kozloff. |
| 260 |
_aLondon ; _aNew York : _bPhaidon, _c2007. |
||
| 300 |
_a335 p. : _bill. (some col.) ; _c28 cm. |
||
| 505 | 0 | _aRetrospection and clairvoyance : portraits of the early twentieth century -- Introversions of the self : the author in the portrait 1900-1935 -- Shades of valour : portraiture and the making of history 1930-1945 -- The Sander effect : portraiture and the exposure of the masquerade -- Insiders and their cultures : portraits of difference 1970-2000 -- From celebrities to nonentities : portraiture, beauty and death 1980 to the present. | |
| 650 | 1 | 0 |
_aPortrait photography. _95415 |
| 650 | 1 | 0 |
_aPortrait photography _xHistory. _95416 |
| 650 | 1 | 0 |
_aPorträtphotographie _95417 |
| 942 |
_aSADA _cBK _k778.92 KOZ 2007 _2ddc |
||
| 999 |
_c353328 _d353328 |
||